<?xml version="1.0" encoding="UTF-8"?>
<record
    xmlns:xsi="http://www.w3.org/2001/XMLSchema-instance"
    xsi:schemaLocation="http://www.loc.gov/MARC21/slim http://www.loc.gov/standards/marcxml/schema/MARC21slim.xsd"
    xmlns="http://www.loc.gov/MARC21/slim">

  <leader>01167nam a2200157   4500</leader>
  <controlfield tag="008">709.2 B447p</controlfield>
  <datafield tag="020" ind1=" " ind2=" ">
    <subfield code="a">9789968899383</subfield>
  </datafield>
  <datafield tag="082" ind1=" " ind2=" ">
    <subfield code="a">709.2</subfield>
    <subfield code="b">B447p</subfield>
  </datafield>
  <datafield tag="100" ind1=" " ind2=" ">
    <subfield code="a">Belli, Patricia </subfield>
    <subfield code="9">5649</subfield>
  </datafield>
  <datafield tag="245" ind1=" " ind2=" ">
    <subfield code="a">Equilibrio y Colapso </subfield>
  </datafield>
  <datafield tag="260" ind1=" " ind2=" ">
    <subfield code="a">San Jos&#xE9;, Costa Rica </subfield>
    <subfield code="b">TEOR/&#xE9;Tica </subfield>
    <subfield code="c">2018</subfield>
  </datafield>
  <datafield tag="300" ind1=" " ind2=" ">
    <subfield code="a">185 p.</subfield>
    <subfield code="b">il (col) </subfield>
    <subfield code="c">22 x 16,5 cm </subfield>
  </datafield>
  <datafield tag="505" ind1=" " ind2=" ">
    <subfield code="t">Presentaci&#xF3;n </subfield>
    <subfield code="r">TEOR/&#xE9;Tica </subfield>
    <subfield code="t">Presentaci&#xF3;n </subfield>
    <subfield code="r">Fundaci&#xF3;n Ortiz Gurdi&#xE1;n </subfield>
    <subfield code="t">Patricia Belli y la alquimia pol&#xED;tica del cuerpo </subfield>
    <subfield code="r">Miguel A. L&#xF3;pez </subfield>
    <subfield code="t">Rewind and fast-forward. El activismo cultural de Patricia Belli </subfield>
    <subfield code="r">Ra&#xFA;l Quintanilla Armijo </subfield>
    <subfield code="t">Hechizo en Managua </subfield>
    <subfield code="r">Tamara D&#xED;az-Bringas</subfield>
    <subfield code="t">Las acrobacias de Patricia Belli </subfield>
    <subfield code="r">Virginia P&#xE9;rez-Ratton </subfield>
    <subfield code="t">No ense&#xF1;ar, aprender: los experimentos educativos de Espira. Entrevista con Patricia Belli </subfield>
    <subfield code="r">Miguel A. L&#xF3;pez </subfield>
    <subfield code="t">Narrativa de Patricia Belli </subfield>
    <subfield code="t">El hechizo (1995)</subfield>
    <subfield code="t">Cicatrices (1997)</subfield>
    <subfield code="t">Espejos (1998)</subfield>
    <subfield code="t">Dec&#xE1;logo (2002)</subfield>
    <subfield code="t">L&#xED;nea del tiempo </subfield>
    <subfield code="t">Biograf&#xED;a </subfield>
    <subfield code="t">Bibliograf&#xED;a </subfield>
    <subfield code="t">Lista de obras </subfield>
    <subfield code="t">Autores </subfield>
    <subfield code="t">Agradecimientos </subfield>
    <subfield code="t">Cr&#xE9;ditos </subfield>
  </datafield>
  <datafield tag="600" ind1=" " ind2=" ">
    <subfield code="x">arte contempor&#xE1;neo </subfield>
    <subfield code="x">arte - Nicaragua</subfield>
    <subfield code="x">arte - cr&#xED;tica</subfield>
    <subfield code="x">Patricia Belli </subfield>
    <subfield code="x">arte - instalaci&#xF3;n </subfield>
    <subfield code="9">7031</subfield>
  </datafield>
  <datafield tag="700" ind1=" " ind2=" ">
    <subfield code="a">L&#xF3;pez, Miguel A. (edici&#xF3;n)</subfield>
    <subfield code="9">7032</subfield>
  </datafield>
  <datafield tag="999" ind1=" " ind2=" ">
    <subfield code="c">1782</subfield>
    <subfield code="d">1782</subfield>
  </datafield>
  <datafield tag="952" ind1=" " ind2=" ">
    <subfield code="0">0</subfield>
    <subfield code="1">0</subfield>
    <subfield code="2">ddc</subfield>
    <subfield code="4">0</subfield>
    <subfield code="7">0</subfield>
    <subfield code="a">LV</subfield>
    <subfield code="b">LV</subfield>
    <subfield code="c">Monograf&#xED;as</subfield>
    <subfield code="d">2019-05-11</subfield>
    <subfield code="l">0</subfield>
    <subfield code="o">709.2 B447p</subfield>
    <subfield code="p">004796</subfield>
    <subfield code="r">2019-05-11 00:00:00</subfield>
    <subfield code="w">2019-05-11</subfield>
    <subfield code="y">01</subfield>
  </datafield>
  <datafield tag="952" ind1=" " ind2=" ">
    <subfield code="0">0</subfield>
    <subfield code="1">0</subfield>
    <subfield code="2">ddc</subfield>
    <subfield code="4">0</subfield>
    <subfield code="7">0</subfield>
    <subfield code="a">LV</subfield>
    <subfield code="b">LV</subfield>
    <subfield code="c">Monograf&#xED;as</subfield>
    <subfield code="d">2019-05-11</subfield>
    <subfield code="l">0</subfield>
    <subfield code="o">709.2 B447p</subfield>
    <subfield code="p">004769</subfield>
    <subfield code="r">2019-05-11 00:00:00</subfield>
    <subfield code="w">2019-05-11</subfield>
    <subfield code="y">01</subfield>
  </datafield>
</record>
